Moral Values Education:An Islami Futuristic Vision. (Record no. 348545)

000 -LEADER
fixed length control field 00370 a2200133 4500
082 ## - DEWEY DECIMAL CLASSIFICATION NUMBER
Classification number 297.0112
090 ## - LOCALLY ASSIGNED LC-TYPE CALL NUMBER (OCLC); LOCAL CALL NUMBER (RLIN)
-- 6169
-- 6169
100 ## - MAIN ENTRY--PERSONAL NAME
Personal name Azam,Ikram.
245 ## - TITLE STATEMENT
Title Moral Values Education:An Islami Futuristic Vision.
Statement of responsibility, etc. Ikram Azam.
260 ## - PUBLICATION, DISTRIBUTION, ETC.
Place of publication, distribution, etc. Islamabad.
Name of publisher, distributor, etc. The PFI and Margalla Voices.
Date of publication, distribution, etc. 2005.
300 ## - PHYSICAL DESCRIPTION
Extent 211p.
500 ## - GENERAL NOTE
General note Hard cover.
942 ## - ADDED ENTRY ELEMENTS (KOHA)
Institution code [OBSOLETE] NBS
Koha item type Book
Call number prefix 297.0112 AZA
Holdings
Withdrawn status Lost status Damaged status Not for loan Permanent Location Current Location Date acquired Total Checkouts Full call number Barcode Date last seen Price effective from Koha item type
        Central Library (CL) Central Library (CL) 08/28/2013   297.0112 AZA NBSD-1778 08/28/2013 08/28/2013 Book
© 2023 Central Library, National University of Sciences and Technology. All Rights Reserved.